[Event "LSS No Engine Cup 33 Preliminary 4"]
[Site "LSS email"]
[Date "2010.12.27"]
[Round "?"]
[White "Steinert, Martin"]
[Black "Warnecke, Detlef"]
[Result "0-1"]
[WhiteElo "1011"]
[BlackElo "1054"]
[PlyCount "48"]
[EventDate "2010.12.28"]
[EventType "tourn (corr)"]
[EventRounds "6"]
[EventCountry "GER"]
[SourceTitle "Telechess CBM 145"]
[Source "Chessbase"]
[SourceDate "2011.11.11"]
[SourceVersion "1"]
[SourceVersionDate "2011.11.11"]
[SourceQuality "1"]

1. e4 e5 2. Nf3 Nc6 3. Bb5 a6 4. Ba4 Nf6 5. 0-0 b5 6. Bb3 Be7 7. Re1 0-0 8. d4 exd4 9. e5 Ne8 10. a4 Bb7 11. axb5 axb5 12. Rxa8 Qxa8 13. c3 dxc3 14. Qxd7 cxb2 15. Bxb2 Bb4 16. Nc3 Na5 17. Ra1 Bxf3 18. gxf3 Qxf3 19. Rxa5 Bxa5 20. e6 fxe6 21. Bxe6+ Kh8 22. Nd1 Bb6 23. Bg4 Bxf2+ 24. Kf1 Qh1+ 0-1

[Event "OP-2010-0-01319"]
[Site "LSS email"]
[Date "2010.11.20"]
[Round "?"]
[White "Warnecke, Detlef"]
[Black "Rutten, David"]
[Result "0-1"]
[WhiteElo "1114"]
[BlackElo "1887"]
[PlyCount "42"]
[EventDate "2010.11.13"]
[EventType "tourn (corr)"]
[EventRounds "4"]
[EventCountry "GER"]
[SourceTitle "Telechess CBM 143"]
[Source "ChessBase"]
[SourceDate "2011.07.15"]
[SourceVersion "1"]
[SourceVersionDate "2011.07.15"]
[SourceQuality "1"]

1. e4 c5 2. Nf3 Nc6 3. d4 cxd4 4. Nxd4 Nf6 5. Nc3 e6 6. Ndb5 d6 7. Bg5 a6 8. Bxf6 gxf6 9. Nd4 Qb6 10. Nb3 Bd7 11. Na4 Qc7 12. Nc3 h5 13. Be2 h4 14. h3 0-0-0 15. a3 Bh6 16. 0-0 Kb8 17. Bh5 Ne5 18. Ne2 Bc6 19. Nc3 f5 20. exf5 Rdg8 21. f3 Be3+ 0-1

[Event "ZI-2010-0-00793"]
[Site "LSS email"]
[Date "2010.09.18"]
[Round "?"]
[White "Shim Ng Min, Francis"]
[Black "Warnecke, Detlef"]
[Result "1-0"]
[WhiteElo "1452"]
[BlackElo "1149"]
[PlyCount "53"]
[EventDate "2010.09.13"]
[EventType "match (corr)"]
[EventRounds "2"]
[EventCountry "GER"]
[SourceTitle "Telechess CBM 143"]
[Source "ChessBase"]
[SourceDate "2011.07.15"]
[SourceVersion "1"]
[SourceVersionDate "2011.07.15"]
[SourceQuality "1"]

1. e4 e5 2. Nf3 Nc6 3. d4 exd4 4. Bc4 Bc5 5. c3 dxc3 6. Bxf7+ Kxf7 7. Qd5+ Kf8 8. Qxc5+ d6 9. Qxc3 Nf6 10. Qd3 Bd7 11. Nc3 Qe7 12. 0-0 Ne5 13. Nxe5 dxe5 14. Bg5 Bc6 15. Rad1 Kf7 16. Bxf6 gxf6 17. Nd5 Bxd5 18. Qxd5+ Kg6 19. Rd3 h5 20. Rg3+ Kh7 21. Qd1 Qf7 22. f4 exf4 23. Rxf4 Rad8 24. Qf3 Rhf8 25. Rf5 Kh6 26. Rh3 Qxa2 27. Qxh5+ 1-0

[Event "LSS No Engine Cup 27 Preliminary 4"]
[Site "LSS email"]
[Date "2010.08.30"]
[Round "?"]
[White "Bester, Kazimierz"]
[Black "Warnecke, Detlef"]
[Result "0-1"]
[WhiteElo "700"]
[BlackElo "1613"]
[PlyCount "70"]
[EventDate "2010.08.31"]
[EventType "tourn (corr)"]
[EventRounds "6"]
[EventCountry "GER"]
[SourceTitle "Telechess CBM 143"]
[Source "ChessBase"]
[SourceDate "2011.07.15"]
[SourceVersion "1"]
[SourceVersionDate "2011.07.15"]
[SourceQuality "1"]

1. f4 d5 2. Nf3 Nf6 3. e3 g6 4. Be2 Bg7 5. 0-0 Nc6 6. d4 Ne4 7. c3 0-0 8. Nbd2 Nxd2 9. Bxd2 f5 10. Ne5 Nxe5 11. dxe5 e6 12. Rf3 c5 13. Rh3 d4 14. Qc2 dxc3 15. Bxc3 Rf7 16. Bf3 Rb8 17. Qf2 b6 18. Qg3 Qd3 19. Rd1 Qxe3+ 20. Kh1 Bb7 21. Bd2 Qd4 22. Bc3 Qa4 23. Qh4 Bf8 24. Bxb7 Qxd1+ 25. Qe1 Qxe1+ 26. Bxe1 Rbxb7 27. Re3 Rfd7 28. h4 Rd1 29. Kh2 Rbd7 30. Bc3 R7d3 31. Rxd3 Rxd3 32. a3 c4 33. g3 Bc5 34. Kg2 Bd4 35. Bxd4 Rxd4 0-1

[Event "LSS No Engine Cup 27 Preliminary 4"]
[Site "LSS email"]
[Date "2010.08.30"]
[Round "?"]
[White "Warnecke, Detlef"]
[Black "Schnoewitz, Brigitte"]
[Result "0-1"]
[WhiteElo "1136"]
[BlackElo "1160"]
[PlyCount "54"]
[EventDate "2010.08.31"]
[EventType "tourn (corr)"]
[EventRounds "6"]
[EventCountry "GER"]
[SourceTitle "Telechess CBM 143"]
[Source "ChessBase"]
[SourceDate "2011.07.15"]
[SourceVersion "1"]
[SourceVersionDate "2011.07.15"]
[SourceQuality "1"]

1. e4 c5 2. c3 d6 3. d4 cxd4 4. cxd4 e6 5. Nc3 Nc6 6. Nf3 Be7 7. Bc4 Nf6 8. Bg5 0-0 9. 0-0 h6 10. Bh4 a6 11. a3 b5 12. Bd3 Bb7 13. e5 dxe5 14. dxe5 Nd7 15. Bxe7 Qxe7 16. Re1 Rfd8 17. Qc2 Qc5 18. b4 Qb6 19. Rac1 Nd4 20. Nxd4 Qxd4 21. Rcd1 Qg4 22. Be4 Bxe4 23. Rxe4 Qg6 24. Qe2 Nb6 25. Red4 Rxd4 26. Rxd4 Rc8 27. Rg4 Rxc3 0-1

[Event "OP-2010-0-01243"]
[Site "LSS email"]
[Date "2010.08.27"]
[Round "?"]
[White "Warnecke, Detlef"]
[Black "Zimmermann, Jan Erik"]
[Result "1/2-1/2"]
[WhiteElo "1613"]
[BlackElo "975"]
[PlyCount "73"]
[EventDate "2010.08.20"]
[EventType "tourn (corr)"]
[EventRounds "4"]
[EventCountry "GER"]
[SourceTitle "Telechess CBM 143"]
[Source "ChessBase"]
[SourceDate "2011.07.15"]
[SourceVersion "1"]
[SourceVersionDate "2011.07.15"]
[SourceQuality "1"]

1. c4 c5 2. Nc3 Nc6 3. g3 b6 4. Bg2 Bb7 5. e4 g6 6. Nge2 Bg7 7. d3 Nd4 8. 0-0 e6 9. Nxd4 Bxd4 10. Ne2 Bg7 11. Rb1 Nf6 12. Bg5 Qc8 13. Qa4 Bc6 14. Qc2 0-0 15. Nc3 d6 16. Qd2 Qc7 17. Bh6 Rad8 18. Bxg7 Kxg7 19. f4 a6 20. f5 exf5 21. exf5 Bxg2 22. Qxg2 Qd7 23. fxg6 fxg6 24. Rbe1 Rf7 25. Nd5 Nxd5 26. Qxd5 Rdf8 27. Rxf7+ Qxf7 28. Qxf7+ Rxf7 29. Re6 Rd7 30. Re8 d5 31. cxd5 Rxd5 32. Re6 b5 33. Rxa6 Rxd3 34. b3 h5 35. Kf2 b4 36. h4 Kf7 37. Kg2 1/2-1/2